Statistics for Tokyo City Quiz

Click here to take the quiz!

General Stats

  • This quiz has been taken 23 times
  • The average score is 9 of 15

Answer Stats

HintAnswer% Correct
Tokyo is the capital city of which country?Japan
100%
Tallest mountain in Tokyo and JapanMount Fuji
100%
Old name of TokyoEdo
95%
What island is Tokyo located onHonshu
95%
Tallest building in Tokyo and in JapanTokyo Skytree
76%
Red tower similar to the Eiffel TowerTokyo Tower
76%
Largest pedestrian crossing in Tokyo and the worldShibuya Crossing
67%
Most famous shopping district in TokyoGinza
57%
Famous trees that millions of people visit every year in TokyoSakura
57%
Namesake bay engulfing the cityTokyo Bay
57%
What prefecture is Tokyo located in?Kanto
48%
Gaming console including Mario Kart founded in TokyoNintendo Switch
48%
Largest train station in JapanShinjuku Station
48%
Cultural and historical district of TokyoAsakusa
19%
Tokyo hosts one of the major _________ in the worldMarathon
5%

Score Distribution

Percentile by Number Answered

Percent of People with Each Score

Your Score History

You have not taken this quiz